| 000 | 00437nam a2200169Ia 4500 | ||
|---|---|---|---|
| 005 | 20250923144225.0 | ||
| 008 | 008 250917s9999 xx 000 0 eng d | ||
| 037 | _aTextual | ||
| 040 |
_aDSWL _beng _cDSWL |
||
| 041 |
_aeng _2eng |
||
| 084 |
_aO:1L59x, G0 _qDSWL |
||
| 245 | 0 | _aPoetical works of Robert Burn | |
| 260 |
_aLondon _c1930 |
||
| 300 | _a648 p. | ||
| 942 |
_cTEXL _hO:1L59x, G0 |
||
| 999 |
_c1436257 _d1436257 |
||